Multilateralni trgovinski pregovori Usluge, direktne investicije i intelektualna svojina. Zbornik radova
Salvato in:
| Natura: | Libro |
|---|---|
| Lingua: | serbo |
| Pubblicazione: |
Beograd
Konzorcijum Ekon. Inst. Jugoslavije
1989
|
| Edizione: | 1. izd. |
| Tags: |
Nessun Tag, puoi essere il primo ad aggiungerne!!
|
MARC
| LEADER | 00000nam a2200000 4500 | ||
|---|---|---|---|
| 001 | c034616 | ||
| 005 | 20250701083525.4 | ||
| 041 | 0 | |a srp | |
| 044 | |a YU | ||
| 245 | 1 | 0 | |a Multilateralni trgovinski pregovori |b Usluge, direktne investicije i intelektualna svojina. Zbornik radova |
| 250 | |a 1. izd. | ||
| 264 | 1 | |a Beograd |b Konzorcijum Ekon. Inst. Jugoslavije |c 1989 | |
| 300 | |a 158 s. | ||